00650nam a2200229 a 4500001001300000003000900013005001700022008004100039020000800080082001900088100002100107245002100128260003400149300000900183500003500192650002200227700002100249902000800270942000700278952011800285999001700403nice12345678IN_TiNIC20260116015232.0070618s1973 hyda grp 000 0 eng  ac100a500.80297bALI aAli, Mir Najabat aPath of Destiney aHyderabadbNo Publisherc1973 a197p aincludes index and biblioraphy aIslam and Science1 aAli, Mir Najabat bSRS cBK 001040708StackRoom-aHMIbHMId2007-06-18g1.00l0o500.80297 ALIp11000141r2007-06-18v1.00w2007-06-18yBK c18853d18853